Kraje Separatyztyczne w Europie - Statystyki

Ogólne statystyki
  • Ten quiz został rozwiązany 37 razy
  • Średni wynik to 31 z 77
Statystyki odpowiedzi
Obrazkowy Odpowiedź % Poprawnych
Bawaria
78%
Donieck
78%
Katalonia
78%
Ługańsk
78%
Szkocja
78%
Walia
78%
Czeczenia
75%
Śląsk
75%
Wyspy Owcze
75%
Irlandia Północna
72%
Cypr Północny
69%
Gibraltar
69%
Korsyka
69%
Krym
69%
Kurdystan
69%
Abchazja
66%
Kraj Basków
66%
Osetia Południowa
66%
Wyspa Man
66%
Sardynia
63%
Seeland
59%
Sycylia
59%
Wolne Miasto Gdańśk
59%
Laponia
56%
Nadniestrze
56%
Bretania
53%
Galicja
53%
Galicja
53%
Górski Karabach
53%
Noworosja
53%
Aland
50%
Wenecja
50%
Aragonia
47%
Kornwalia
47%
Tatarstan
47%
Fryzja
44%
Republika Serbska
44%
Gagauzja
41%
Karelia
41%
Morawy
41%
Wojwodina
38%
Asturia
34%
Asyria
34%
Dagestan
34%
Kaszubia
34%
Oksytania
34%
Saksonia
34%
Transylwania
34%
Liberland
28%
Gotland
25%
Kaliningrad
25%
Padania
25%
Dolina Aosty
22%
Ingria
22%
Zakarpacie
22%
Adżaria
16%
Fryzja Wschodnia
16%
Szwabia
16%
Yorkshire
16%
Żmudź
16%
Baszkortostan
13%
Jaamtland
13%
Lombardy
13%
Normandia
13%
Rugia
13%
Scania
13%
Smoleńsk
13%
Zelandia
13%
Komi
9%
Serbołużyce
9%
Anduluzja
6%
Hercegowina
6%
Istria
6%
Nachiczewan
6%
Kaina
3%
Karyntia
3%
Państwo Kretańskie
3%
Nie znaleziono quizów pasujących do podanych kryteriów
Rozkład punktacji
Procent ludzi z każdym wynikiem
Percentyl według liczby udzielonych odpowiedzi
Twoja historia wyników
Nie rozwiązałeś tego quizu